[Event "Zuerich Easter op 1st"]
[Site "Zuerich"]
[Date "2018.03.30"]
[Round "2"]
[White "Kazakov, Mikhail"]
[Black "Toenz, Arthur"]
[Result "1-0"]
[WhiteElo "2526"]
[BlackElo "2095"]
[PlyCount "85"]
[EventDate "2018.03.30"]
[EventType "swiss"]
[EventRounds "7"]
[EventCountry "SUI"]
[SourceTitle "CBM 183 Extra"]
[Source "ChessBase"]
[SourceDate "2018.04.19"]
[SourceVersion "1"]
[SourceVersionDate "2018.04.19"]
[SourceQuality "1"]

1. d4 Nf6 2. c4 c6 3. Nc3 d5 4. Nf3 e6 5. Bg5 h6 6. Bxf6 Qxf6 7. e3 g6 8. Bd3 Bg7 9. 0-0 0-0 10. e4 dxe4 11. Nxe4 Qe7 12. Re1 b6 13. c5 Nd7 14. b4 Nf6 15. Qc2 Nd5 16. a3 b5 17. Ne5 Bd7 18. Nd6 Bxe5 19. dxe5 Kg7 20. g3 f5 21. Bf1 g5 22. Bg2 Nc7 23. Rad1 a5 24. Qc3 axb4 25. axb4 Kg6 26. Qd3 Nd5 27. Bxd5 exd5 28. g4 Be6 29. Re3 h5 30. h3 hxg4 31. hxg4 Ra4 32. Rf3 Qd7 33. Qb1 Raa8 34. Re1 Rad8 35. Kg2 Rf7 36. Rh1 Rdf8 37. Rfh3 Kg7 38. Rh7+ Kg8 39. Rh8+ Kg7 40. R1h7+ Kg6 41. Rh6+ Kg7 42. Qh1 Rxh8 43. Rxh8 1-0

[Event "Zuerich Chess Challenge op 6th"]
[Site "Zuerich"]
[Date "2017.04.13"]
[Round "1"]
[White "Zhigalko, Andrey"]
[Black "Toenz, Arthur"]
[Result "1-0"]
[WhiteElo "2577"]
[BlackElo "2107"]
[PlyCount "83"]
[EventDate "2017.04.13"]
[EventType "swiss"]
[EventRounds "9"]
[EventCountry "SUI"]
[SourceTitle "CBM 177 Extra"]
[Source "ChessBase"]
[SourceDate "2017.04.27"]
[SourceVersion "1"]
[SourceVersionDate "2017.04.27"]
[SourceQuality "1"]

1. e4 g6 2. d4 Bg7 3. c4 d6 4. Nc3 e5 5. d5 f5 6. exf5 gxf5 7. Qh5+ Kf8 8. Nf3 Nf6 9. Qh4 a5 10. Bh6 Qe7 11. 0-0-0 Na6 12. Ng5 Bd7 13. f4 e4 14. Be2 Re8 15. g4 Bxh6 16. Qxh6+ Qg7 17. Qxg7+ Kxg7 18. gxf5 Bxf5 19. Rdg1 Kf8 20. Nb5 h6 21. Nd4 hxg5 22. fxg5 Nxd5 23. Nxf5 Ne7 24. Ng3 Nc5 25. Bh5 Rd8 26. Rf1+ Kg8 27. Bf7+ Kh7 28. h4 Rhf8 29. h5 Nd3+ 30. Kc2 Ne5 31. g6+ Kh6 32. Nxe4 c6 33. Rf6 d5 34. Nc5 Ng4 35. Rf3 Nf5 36. Ne6 dxc4 37. Nxd8 Rxd8 38. Kb1 Nfe3 39. Rg1 Rd6 40. Rxe3 Nxe3 41. g7 c3 42. bxc3 1-0

[Event "FRA-ch U20"]
[Site "Montlucon"]
[Date "2011.04.17"]
[Round "1"]
[White "Bouget, Alexandre"]
[Black "Toenz, Arthur"]
[Result "1-0"]
[WhiteElo "2189"]
[BlackElo "1875"]
[PlyCount "77"]
[EventDate "2011.04.17"]
[EventType "swiss"]
[EventRounds "9"]
[EventCountry "FRA"]
[SourceTitle "CBM 142 Extra"]
[Source "ChessBase"]
[SourceDate "2011.06.27"]
[SourceVersion "1"]
[SourceVersionDate "2011.06.27"]
[SourceQuality "1"]

1. d4 d6 2. c4 g6 3. Nc3 c6 4. e4 e5 5. Be3 Bg7 6. dxe5 dxe5 7. Qxd8+ Kxd8 8. 0-0-0+ Kc7 9. Bc5 b6 10. Bd6+ Kb7 11. Be2 Nh6 12. Nf3 f6 13. Kb1 a5 14. Rd3 Be6 15. Nd2 Nf7 16. Na4 Rd8 17. Bc5 Rxd3 18. Bxd3 Nd7 19. Bxb6 f5 20. Bc5 Bh6 21. Be3 Bxe3 22. fxe3 Nd6 23. exf5 gxf5 24. c5 Nb5 25. Rf1 e4 26. Bc4 Bxc4 27. Nxc4 Rg8 28. g3 Rg5 29. Nxa5+ Kc7 30. Nc4 h5 31. Rf2 Nf6 32. Ne5 Ng4 33. Nxg4 hxg4 34. Nb6 f4 35. Rxf4 Rxc5 36. Na4 Rc4 37. b3 Rb4 38. Rxg4 Na3+ 39. Kc1 1-0